Statistics for Most Used Quiz Sites

Click here to take the quiz!

General Stats

  • This quiz has been taken 9 times
  • The average score is 2 of 5

Answer Stats

% of Votes/UsersQuiz site% Correct
9%Jetpunk
89%
52%Sporcle
89%
8%Buzz feed quizzes
0%
21.5%Kahoot
0%
0.5LearnedLeague
0%

Score Distribution

Percentile by Number Answered

Percent of People with Each Score

Your Score History

You have not taken this quiz